Score 0/18 Timer 05:00
0 Plays Today
Hint Answer % Correct
DessertsZerts
75.4%
AppetizersApps
73.7%
Chicken ParmesanChicky chicky parm parm
60.6%
SandwichesSammies
49.4%
EntreesTre Tres
44.6%
Eggs Pre-birds
42.7%
NoodlesLong-ass rice
40.6%
Chicken CacciatoreChicky catch
39.5%
ForksFood rakes
38.6%
Hint Answer % Correct
Fried chickenFry fry chicky chick
28.9%
CarGo-go mobile
28%
EggsFuture birds
27%
SandwichesAdam Sandlers
26.2%
Air conditionersCool blasterz
25%
TortillasBean blankies
20.9%
Root beerSuper water
19.9%
SandwichesSandoozles
19.3%
CakesBig ol' cookies
18.2%
Remove Ads.
Support Sporcle.
Get the best of Sporcle when you Go Orange. This ad-free experience offers more features, more stats, and more fun while also helping to support Sporcle. Thank you for becoming a member.

You're not logged in!

Compare scores with friends on all Sporcle quizzes.
OR
Log In

Show Comments

Extras

Top Quizzes Today


Score Distribution

Your Account Isn't Verified!

In order to create a playlist on Sporcle, you need to verify the email address you used during registration. Go to your Sporcle Settings to finish the process.

Report this User

Report this user for behavior that violates our Community Guidelines.

Details: